Por el reino encantado de Maya : (Record no. 132951)

MARC details
000 -LEADER
campo de control de longitud fija 01226nam a2200313 i 4500
001 - NÚMERO DE CONTROL
campo de control 132951
003 - IDENTIFICADOR DE NÚMERO DE CONTROL
campo de control ES-MaACL
005 - FECHA Y HORA DE LA ÚLTIMA TRANSACCIÓN
campo de control 20250728100643.0
007 - CAMPO FIJO DE DESCRIPCIÓN FÍSICA--INFORMACIÓN GENERAL
campo de control de longitud fija t|
008 - DATOS DE LONGITUD FIJA--INFORMACIÓN GENERAL
campo de control de longitud fija 070214m19211924sp |||| | spa d
080 ## - NÚMERO DE LA CLASIFICACIÓN DECIMAL UNIVERSAL
Número de la Clasificación Decimal Universal 141.332
080 ## - NÚMERO DE LA CLASIFICACIÓN DECIMAL UNIVERSAL
Número de la Clasificación Decimal Universal 82-342(082.2)
245 00 - MENCIÓN DEL TÍTULO
Título Por el reino encantado de Maya :
Resto del título parábolas y símbolos /
Mención de responsabilidad, etc. coleccionados y comentados por Mario Roso de Luna.
260 ## - PUBLICACIÓN, DISTRIBUCIÓN, ETC.
Lugar de publicación, distribución, etc. Madrid :
Nombre del editor, distribuidor, etc. Pueyo,
Fecha de publicación, distribución, etc. [1921-1924] (
Fabricante Imp. F. Giménez) (
-- Imp. de Juan Pérez Torres)
300 ## - DESCRIPCIÓN FÍSICA
Extensión 206 p. ;
Dimensiones 26 cm.
490 1# - MENCIÓN DE SERIE
Mención de serie Biblioteca de las maravillas ;
Designación de volumen o secuencia 8
490 1# - MENCIÓN DE SERIE
Mención de serie Obras completas de Roso de Luna ;
Designación de volumen o secuencia 19
490 1# - MENCIÓN DE SERIE
Mención de serie Publicaciones de "Ciencia natural"
530 ## - NOTA DISPONIBLE DE FORMULARIO FÍSICO ADICIONAL
Nota de formato físico adicional disponible Disponible en formato digital.
650 #7 - PUNTO DE ACCESO ADICIONAL DE MATERIA--TÉRMINO DE MATERIA
Término de materia o nombre geográfico como elemento de entrada Teosofía
Fuente del encabezamiento o término embne
9 (RLIN) 17478
650 #4 - PUNTO DE ACCESO ADICIONAL DE MATERIA--TÉRMINO DE MATERIA
Término de materia o nombre geográfico como elemento de entrada Parábolas (Género literario)
9 (RLIN) 172995
700 1# - ENTRADA AGREGADA--NOMBRE PERSONAL
Nombre de persona Roso de Luna, Mario,
Fechas asociadas al nombre 1872-1931
9 (RLIN) 99794
830 1# - PUNTO DE ACCESO ADICIONAL DE SERIE-TÍTULO UNIFORME
Título uniforme Biblioteca de las maravillas ;
Designación de volumen o secuencia 8
9 (RLIN) 182500
830 1# - PUNTO DE ACCESO ADICIONAL DE SERIE-TÍTULO UNIFORME
Título uniforme Obras completas de Mario Roso de Luna
Designación de volumen o secuencia 19
9 (RLIN) 186911
830 1# - PUNTO DE ACCESO ADICIONAL DE SERIE-TÍTULO UNIFORME
Título uniforme Publicaciones de "Ciencia natural"
9 (RLIN) 219686
852 ## - LOCALIZACIÓN
Ubicación ES-MaACL
Número de control de estantería C-4325
856 ## - LOCALIZACIÓN Y ACCESO ELECTRÓNICOS
Identificador Uniforme de Recursos <a href="http://bdh-rd.bne.es/viewer.vm?id=0000074663&page=1 ">http://bdh-rd.bne.es/viewer.vm?id=0000074663&page=1 </a>
Nota pública Biblioteca Digital Hispánica
Holdings
Estatus retirado Estado de pérdida Estado de daño No para préstamo Colección Biblioteca de origen Biblioteca actual Ubicación en estantería Fecha de adquisición Fuente de adquisición Total de préstamos Signatura topográfica completa Código de barras Visto por última vez Precio de reemplazo Tipo de ítem Koha
        Colección digital Biblioteca del Ateneo de Madrid Biblioteca del Ateneo de Madrid Sala Palomar 17/01/2008     C-4325 1138412 23/02/2023 23/02/2023 Libro impreso